| 000 | 00741nam a22002417a 4500 | ||
|---|---|---|---|
| 005 | 20170124110045.0 | ||
| 010 | _aA-408912 | ||
| 020 | _c00.00 | ||
| 035 | _aA-408912 | ||
| 037 | _bCen Lib/Ret | ||
| 040 |
_aDPL _bEN |
||
| 082 |
_a780.954 _bDEV |
||
| 100 |
_aDeva, B.C. _924488 |
||
| 245 |
_aIndian music / _cby B.C.Deva _b |
||
| 250 | _a2nd rev ed | ||
| 260 |
_aNew Delhi _bIndian Council for Cultural Relaions _c1986 |
||
| 270 |
_aAzad Bhavan, Indraprastha Estate _bNew Delhi _e110002 |
||
| 300 |
_aix,174p. : _c22cm(Hb) _bill. |
||
| 500 | _aIncludes bibliographical references and index | ||
| 650 |
_aMusic -- India -- History and criticism. _985626 |
||
| 650 |
_aMusic _94778 |
||
| 942 |
_2ddc _cEN _h780.954 _mDEV |
||
| 999 |
_c128808 _d128808 |
||